000 01220nam0a22002771 4500
001 rc\2808322
005 20110915175742.0
035 _a(NLR Aleph) 006934204
090 _a7578904
_c7578904
100 _a20110915d1936 |||y0rusy50 ca
101 0 _arus
102 _aRU
105 _ay z |||||
200 1 _aХлебная торговля
_eСборник правил, инструкций и положений
_fСост.:т. Ф. Н. Матузюк, М. М. Ладжинский, А. И. Донской
_g[Введ.: Важнов]
_gОтд. внутр. торговли Зап.-Сиб. краев. испол. ком.
210 _aНовосибирск
_cЗап.-Сиб. крайвнуторг.
_d1936
_gтип. № 1 ЗСКИК
215 _aОбл., 179, [2] с.
_d22х15 см.
300 _aНа обороте тит. л. : "Сост.: т. Матузюк, Ф. Н., Ладжинский, М. М., Донской А. И."
702 1 _aЛаджинский
_bМ. М.
_4220
702 1 _aДонской
_bА. И.
_4220
702 1 _aМатузюк
_bФ. Н.
_4220
702 1 _aВажнов
_4080
801 0 _aRU
_bNLR
_gpsbo
801 1 _aRU
_bELAR
_2rusmarc
852 _aNLR
_j36-4/1252
942 _cBOOK
980 _aNB